000 00610nam a2200205 i 4500
001 116270
003 ES-MaACL
005 20250902080712.0
007 t|
008 061121s1971 sp |||| | spa d
100 1 _aO'Shaughnessy, John.
_986366
245 1 0 _aOrganización de empresas /
_cJohn O'Shaughnessy ; versión de F. Minguella Rubio.
250 _a1ª ed.
260 _aBarcelona :
_bOikos-Tau,
_c1971.
300 _a200 p. ;
_c20 cm.
650 7 _aOrganización de la empresa
_2embne
_912228
700 1 _aMinguella Rubio, F.
_981339
852 _aES-MaACL
_jC-51674
999 _c116270
_d116270